000 01327cam a2200253 4500
001 ##L135740
008 061205n2006 000 0 eng u
035 _a(Sirsi) u135740
041 0 _aeng
050 0 4 _a346.4104343 $2 18
110 2 _aBritish Property Federation
_91604
245 0 0 _aBPF/IPD annual lease review 2006
250 _a9th ed.
260 _aLondon
_bBPF
_aLondon
_bIPD
_c2006
490 0 _aBPF/IPD Annual Lease Review
_v2006
520 _aProvides a detailed analysis of lease lengths, break clauses, review cycles, rent free periods and income profiles spanning the office, retail and industrial sectors. Incorporates the 10 363 new leases granted between January 2005 and March 2006. Reveals that shorter leases have become much more common; 65% of leases granted in 2005-06 were for five years or less while less than 5% of leases were for over 15 years.
590 _aKA NTK
650 2 4 _aBPF/IPD ANNUAL LEASE REVIEW
651 4 _aUnited Kingdom
_y
690 _aPROPERTY-COMMERCIAL PROPERTY-LEASEHOLD COMMERCIAL PROPERTY-COMMERCIAL LANDLORD AND TENANT-COMMERCIAL LEASES
710 2 _aInvestment Property Databank
_92288
856 4 0 _uhttps://www.bpf.org.uk/en/files/bpf_documents/commercial/BPF_IPD_Annual_Lease_Review_2006.pdf
_zView the review free of charge at www.bpf.org.uk.
942 _n0
999 _c106180
_d106180